| 000 | 00992pam a2200337 i 4500 | ||
|---|---|---|---|
| 999 |
_c867 _d867 |
||
| 001 | 018591464 | ||
| 003 | Uk | ||
| 005 | 20240424075053.0 | ||
| 008 | 180201s2018 stk j 000 1 eng c | ||
| 015 |
_aGBB7L1549 _2bnb |
||
| 016 | 7 |
_a018591464 _2Uk |
|
| 020 | _a9781781127179 (pbk.) : | ||
| 035 | _a(StEdNL)10372150 | ||
| 040 |
_aStDuBDS _beng _cStDuBDS _dStEdNL _dUk _dKH8 _erda |
||
| 042 | _aukscp | ||
| 082 | _aFIC HOF | ||
| 100 | 1 |
_aHoffman, Mary, _d1945- _eauthor. |
|
| 245 | 1 | 0 |
_aSmile : _bthe story of the original Mona Lisa / _cMary Hoffman. |
| 264 | 1 |
_aEdinburgh : _bBarrington Stoke, _c2018. |
|
| 300 |
_a95 pages ; _c20 cm |
||
| 336 |
_atext _2rdacontent |
||
| 337 |
_aunmediated _2rdamedia |
||
| 338 |
_avolume _2rdacarrier |
||
| 440 | _aSuper readable | ||
| 500 | _a"This book is also Super Readable"--Back cover. | ||
| 500 |
_aFormerly CIP. _5Uk |
||
| 650 |
_aFiction _veasy reading |
||
| 655 | 0 | _aHistorical fiction. | |
| 655 | 0 | _aYoung adult fiction. | |
| 942 |
_2ddc _cFIC |
||